<?xml version="1.0" encoding="UTF-8"?>
<record
    xmlns:xsi="http://www.w3.org/2001/XMLSchema-instance"
    xsi:schemaLocation="http://www.loc.gov/MARC21/slim http://www.loc.gov/standards/marcxml/schema/MARC21slim.xsd"
    xmlns="http://www.loc.gov/MARC21/slim">

  <leader>01259    a2200253   4500</leader>
  <controlfield tag="003">NUST</controlfield>
  <controlfield tag="005">20221224155543.0</controlfield>
  <datafield tag="020" ind1=" " ind2=" ">
    <subfield code="a">0-12-140310-6 (inb.)</subfield>
  </datafield>
  <datafield tag="040" ind1=" " ind2=" ">
    <subfield code="c">Nust</subfield>
  </datafield>
  <datafield tag="082" ind1=" " ind2=" ">
    <subfield code="a">621.384521,INS</subfield>
  </datafield>
  <datafield tag="245" ind1="1" ind2="0">
    <subfield code="a">Insights into mobile multimedia communications /</subfield>
    <subfield code="c">edited by D.R. Bull, C.N. Canagarajah and A.R. Nix</subfield>
  </datafield>
  <datafield tag="260" ind1=" " ind2=" ">
    <subfield code="a">San Diego, Calif. :</subfield>
    <subfield code="b">Academic Press,</subfield>
    <subfield code="c">cop. 1999</subfield>
  </datafield>
  <datafield tag="300" ind1=" " ind2=" ">
    <subfield code="a">xxvi, 682 p.:</subfield>
    <subfield code="b">ill. ;</subfield>
    <subfield code="c">26cm</subfield>
  </datafield>
  <datafield tag="440" ind1=" " ind2="0">
    <subfield code="a">Signal processing and its applications,</subfield>
    <subfield code="9">56007</subfield>
  </datafield>
  <datafield tag="505" ind1=" " ind2=" ">
    <subfield code="a">Research Trends And Technical Developments (Page-1), Multimedia Services On Digital Cellular Networks (Page-11), Third Generation Mobile Multimedia Systems (Page-97), Source Coding (Page-191), Source Coding: Video And Multimedia (Page-285), Error Resilient Coding For Multimedia Applications (Page-395), Advanced Radio Techniques (Page-461), Wireless LAN Technology For Future Multimedia Services (Page-563).</subfield>
  </datafield>
  <datafield tag="650" ind1=" " ind2="7">
    <subfield code="a">Mobile communication systems</subfield>
    <subfield code="9">18556</subfield>
  </datafield>
  <datafield tag="650" ind1=" " ind2="7">
    <subfield code="a">Mobile computing</subfield>
    <subfield code="9">18095</subfield>
  </datafield>
  <datafield tag="650" ind1=" " ind2="7">
    <subfield code="a">Multimedia systems</subfield>
    <subfield code="9">36511</subfield>
  </datafield>
  <datafield tag="650" ind1=" " ind2="7">
    <subfield code="a">Wireless communication systems</subfield>
    <subfield code="9">594</subfield>
  </datafield>
  <datafield tag="700" ind1="1" ind2=" ">
    <subfield code="a">Bull, D. R.</subfield>
    <subfield code="4">oth</subfield>
    <subfield code="9">105834</subfield>
  </datafield>
  <datafield tag="700" ind1="1" ind2=" ">
    <subfield code="a">Canagarajah, C. N.</subfield>
    <subfield code="4">oth</subfield>
    <subfield code="9">105835</subfield>
  </datafield>
  <datafield tag="700" ind1="1" ind2=" ">
    <subfield code="a">Nix, A. R.</subfield>
    <subfield code="4">oth</subfield>
    <subfield code="9">105836</subfield>
  </datafield>
  <datafield tag="942" ind1=" " ind2=" ">
    <subfield code="2">ddc</subfield>
    <subfield code="c">BK</subfield>
    <subfield code="k">621.38452,INS</subfield>
  </datafield>
  <datafield tag="999" ind1=" " ind2=" ">
    <subfield code="c">188969</subfield>
    <subfield code="d">188969</subfield>
  </datafield>
  <datafield tag="952" ind1=" " ind2=" ">
    <subfield code="0">0</subfield>
    <subfield code="1">0</subfield>
    <subfield code="2">ddc</subfield>
    <subfield code="4">0</subfield>
    <subfield code="7">0</subfield>
    <subfield code="a">MCS</subfield>
    <subfield code="b">MCS</subfield>
    <subfield code="c">GEN</subfield>
    <subfield code="d">2016-12-12</subfield>
    <subfield code="o">621.384521,INS</subfield>
    <subfield code="p">MCS28292</subfield>
    <subfield code="r">2016-12-08</subfield>
    <subfield code="w">2016-12-12</subfield>
    <subfield code="y">BK</subfield>
    <subfield code="z">Almirah No.39, Shelf No.2</subfield>
  </datafield>
</record>
